[Event "GER-ch (Women)"]
[Site "Hockenheim"]
[Date "2009.08.26"]
[Round "5"]
[White "Giss, Helene"]
[Black "Erben, Larissa"]
[Result "1/2-1/2"]
[WhiteElo "2073"]
[BlackElo "2073"]
[PlyCount "82"]
[EventDate "2009.08.21"]
[EventType "swiss"]
[EventRounds "9"]
[EventCountry "GER"]
[SourceTitle "CBM 131 Extra"]
[Source "ChessBase"]
[SourceDate "2009.09.03"]
[SourceVersion "2"]
[SourceVersionDate "2009.09.16"]
[SourceQuality "1"]

1. d4 d5 2. c4 e6 3. Nc3 c6 4. cxd5 exd5 5. Nf3 Bf5 6. Bf4 Nf6 7. h3 Bd6 8. Bxd6 Qxd6 9. e3 Qb4 10. Qd2 0-0 11. Nh4 Bg6 12. Nxg6 hxg6 13. Bd3 Re8 14. 0-0 Nbd7 15. a3 Qd6 16. b4 b5 17. a4 a6 18. axb5 axb5 19. Qb2 Nb6 20. Rfe1 Rxa1 21. Rxa1 Ra8 22. Rxa8+ Nxa8 23. e4 dxe4 24. Nxe4 Nxe4 25. Bxe4 Nb6 26. Qc3 Nd5 27. Bxd5 Qxd5 28. Qc5 Qe4 29. Qd6 Kh7 30. Kh2 g5 31. Qc5 Kg6 32. f3 Qe6 33. g4 Qf6 34. Kg2 Qe6 35. Kh2 Kh6 36. h4 Qe2+ 37. Kg1 Qe1+ 38. Kg2 Qe2+ 39. Kg1 Qe3+ 40. Kg2 Qd2+ 41. Kg1 Qe1+ 1/2-1/2

[Event "GER-ch (Women)"]
[Site "Hockenheim"]
[Date "2009.08.22"]
[Round "1"]
[White "Kohls, Vera"]
[Black "Erben, Larissa"]
[Result "1-0"]
[WhiteElo "1904"]
[BlackElo "2073"]
[PlyCount "70"]
[EventDate "2009.08.21"]
[EventType "swiss"]
[EventRounds "9"]
[EventCountry "GER"]
[SourceTitle "CBM 131 Extra"]
[Source "ChessBase"]
[SourceDate "2009.09.03"]
[SourceVersion "2"]
[SourceVersionDate "2009.09.16"]
[SourceQuality "1"]

1. Nf3 d5 2. b3 c5 3. Bb2 Bf5 4. e3 Nc6 5. Bb5 e6 6. Ne5 Qc7 7. 0-0 Nf6 8. d3 Bd6 9. Bxc6+ bxc6 10. f4 0-0 11. Nd2 Ne8 12. g4 Bg6 13. h4 f6 14. Nxg6 hxg6 15. Qf3 Qa5 16. Rf2 Nc7 17. a4 Na6 18. Nf1 Nb4 19. Ng3 Rae8 20. Bc3 Qc7 21. Rg2 Qe7 22. d4 e5 23. f5 g5 24. hxg5 fxg5 25. Re1 cxd4 26. exd4 e4 27. Qe2 a5 28. Rf1 c5 29. Nh5 cxd4 30. Bxd4 Bc5 31. Qe3 Bxd4 32. Qxd4 Qe5 33. Qb6 e3 34. Qg6 e2 35. Rxe2 Qd4+ 1-0